000 00244nam a2200097Ia 4500
001 862034
005 20250826175424.0
008 250824s9999 xx 000 0 und d
245 0 _aRABBİN İÇİN SABRET
_cUĞUR KOŞAR
260 _bDESTEK YAYINLARI
999 _c862034
_d862034